000 00643nam a2200241 4500
003 OSt
005 20260601170957.0
008 260421b1972\\\\xxu\||||\||||\00|\0\eng\d
020 _a0521086868
040 _aICI
_bspa
_cICI
050 _aTA 174
_bG56
100 1 _aGlegg, Gordon Lindsay
245 1 _aThe Selection of design /
_cGordon L. Glegg
260 _aCambridge :
_bUniversity,
_c1972
264 _bCambridge
_c1972
300 _a83 páginas
336 _atexto
_2rdacontent
337 _asin medio
_2rdamedia
338 _avolumen
_2rdacarrier
500 _aIncluye índice.
650 0 _aDiseño en ingeniería
942 _2lcc
_cB
999 _c19886
_d19886